Organic and compost-based growing media for tree seedling nurseries

Bibliographic Details
Main Author: MILLER 1961-
Corporate Author: World Bank
Other Authors: Jones 1934-
Format: Book
Published: Washington, D.C. : World Bank , 1995
Series:World Bank technical paper; n. 264 World Bank technical paper. Forestry series
Subjects:

MARC

LEADER 00000cam a2200000 7i4500
001 0000000450
005 20000817.0
020 0 0 |a 082133039X 
090 0 0 |a 634.9564   |b MIL 1995 
100 1 0 |a MILLER   |h Joan H.   |c 1961- 
245 1 0 |a Organic and compost-based growing media for tree seedling nurseries   |c Joan H. Miller and Norman Jones 
260 0 0 |a Washington, D.C. :   |b World Bank ,   |c 1995 
300 |a xiii, 75 p. :   |b ill. ;   |c 28 cm. 
440 0 0 |a World Bank technical paper; n. 264   |a World Bank technical paper. Forestry series 
500 0 0 |a Bibliography: [p. 71-75] 
650 0 0 |a Forest nurseries 
650 0 0 |a Forest soils 
650 0 0 |a Potting soils 
650 0 0 |a Trees   |x Seedlings, Container 
700 0 1 |a Jones   |h Norman ,   |c 1934- 
710 1 1 |a World Bank 
999 |a 0000000452   |b Monograph   |c Open Shelf   |e Default branch